| 000 | 00479cam a2200193ua 4500 | ||
|---|---|---|---|
| 001 | 12241 | ||
| 005 | 20260515114844.0 | ||
| 008 | 200812n ii |||gr||||Z||||||eng | ||
| 020 | _a9789327270747 | ||
| 040 | _cMAIN | ||
| 082 | _a339.01 | ||
| 100 |
_aP N Chopra, _eAuthor. |
||
| 245 |
_aMacro economics _cBy P N Chopra |
||
| 250 | _a1st ed. | ||
| 260 |
_aNew Delhi: _bkalyani publishers, _c2020. |
||
| 300 | _a401p. | ||
| 653 | _aMacroeconomics & related topics | ||
| 942 | _cBK | ||
| 999 |
_c10988 _d10988 |
||